| 000 | 00698nam a22002172 4500 | ||
|---|---|---|---|
| 001 | 0000020650 | ||
| 005 | 20151217154441.0 | ||
| 008 | 110929s xx 000 0 eng d | ||
| 020 | _a1412902243 : | ||
| 040 |
_aKABU _cKABU |
||
| 100 | 1 |
_aOates, Briony J. _@0000181128 |
|
| 245 | 1 | 0 |
_aResearching information systems and computing / _cBriony J. Oates. |
| 250 | _a1st ed. | ||
| 260 |
_aLondon : _bSAGE, _c2006. |
||
| 300 | _axviii, 341 p. | ||
| 650 | 0 |
_aManagement information systems _xResearch _xMethodology. _@0000181129 |
|
| 650 | 0 |
_aInformation technology _xResearch. _@0000181130 |
|
| 852 | 1 | _9p3974.20 KES | |
| 908 | _a110929 | ||
| 950 | _@1 | ||
| 999 |
_c11377 _d11377 |
||